[Event "Tunis Interzonal"]
[Site "Tunis"]
[Date "1985.??.??"]
[Round "9"]
[White "Zapata, Alonso"]
[Black "Morovic Fernandez, Ivan"]
[Result "1/2-1/2"]
[WhiteElo "2535"]
[BlackElo "2450"]

1.c4 e5 2.Nc3 Nf6 3.Nf3 Nc6 4.d4 e4 5.Ng5 h6 6.Ngxe4 Nxe4 7.Nxe4 Qh4 8.Nc3 Qxd4
9.e3 Qxd1+ 10.Kxd1 Be7 11.Nd5 Bd8 12.b3 d6 13.Bb2 O-O 14.Bd3 a5  1/2-1/2

[Event "Tunis Interzonal"]
[Site "Tunis"]
[Date "1985.??.??"]
[Round "16"]
[White "Hort, Vlastimil"]
[Black "Jussupow, Artur"]
[Result "1/2-1/2"]
[WhiteElo "2560"]
[BlackElo "2590"]

1.e4 e5 2.Nf3 Nc6 3.Bb5 a6 4.Bxc6 dxc6 5.O-O f6 6.d4 exd4 7.Nxd4 c5 8.Ne2 Qxd1
9.Rxd1 Bd7 10.Be3 O-O-O 11.c4  1/2-1/2